Kežmarok

Zobrazenie: Pohľad v bielom orámovaní na radnicu vpravo. Vpravo v popredí pred radnicou je pouličná lampa. Vľavo v popredí parkuje automobil. Pred radnicou zľava parkuje šesť automobilov Vľavo vidno rad budov, pred nimi je v popredí listnatý strom, v pozadí pokračujú v jednom rade za sebou. Vľavo od...

Celý popis

Podrobná bibliografia
Médium: Pohľadnica
Jazyk:slovenčina
nemčina
Fyzický popis:1 pohľadnica čiernobiela 9 x 14 cm
Vydavateľské údaje: [Žilina] O. T. Ž. [medzi 1922 a 1945?]
Predmet:

MARC

LEADER 00000nkm a2200000 a 4500
001 vtls011858286
003 SK-MaSNL
005 20260512125340.0
007 kp bo
008 230718q1922 xo g kuslo
015 |a SNBG 
035 |a urn:nbn:sk:snk-km00dsmf 
035 |a urn:nbn:sk:snk-km3lv77 
035 |a 4B17C6E6-7469-4C47-A6EF-CBBF3CF98DDB 
040 |a SNK  |b slo  |c SNK  |e AACR2 
041 0 |a slo  |a ger 
043 |a e-xo--- 
044 |a xo  |c SK 
072 7 |a 913  |x Regionálna geografia  |2 konspekt 
080 |a 913(437.6)  |2 2011 
080 |a 725.1:352  |2 2011 
080 |a (084.121)  |2 2011 
080 |a 725.1:791.096  |2 2011 
080 |a 711.61  |2 2011 
245 0 0 |a Kežmarok  |h grafika 
246 3 1 |a Kesmark 
260 |a [Žilina]  |b O. T. Ž.  |c [medzi 1922 a 1945?] 
300 |a 1 pohľadnica  |b čiernobiela  |c 9 x 14 cm 
500 |a Názvové údaje prevzaté z obrazovej časti pohľadnice 
500 |a Číslo záberu 19900 
520 8 |a Zobrazenie: Pohľad v bielom orámovaní na radnicu vpravo. Vpravo v popredí pred radnicou je pouličná lampa. Vľavo v popredí parkuje automobil. Pred radnicou zľava parkuje šesť automobilov Vľavo vidno rad budov, pred nimi je v popredí listnatý strom, v pozadí pokračujú v jednom rade za sebou. Vľavo od radnice sú susedné budovy, na jednej je nápis Kino 
546 |a Súbežný názov v nem. 
650 0 7 |a radnice  |2 SNKPH  |9 27759 
650 0 7 |a kiná  |2 SNKPH  |9 28594 
650 0 7 |a námestia  |2 SNKPH  |9 26291 
651 7 |a Kežmarok (Slovensko)  |2 SNKPHgeo  |9 26808 
655 7 |a miestne pohľadnice  |2 SNKPH  |9 70510 
852 |a Slovenská národná knižnica 
954 |a pohľadnice pôvodné (slovenské)  |2 lita 
958 |a OND 
958 |a GBN 
958 |a GC 
958 |a EUIPO 
999 |c 1031776  |d 1033706 
952 |a SNK  |b SNK  |y PREZ  |7 0  |p 17A1285907  |o snkSP 108540  |0 0  |1 0  |4 0  |d 2019-03-26  |f 1  |l 0  |r 2026-02-24 13:57:08  |w 2026-02-24